The silver answer /

Saved in:
Bibliographic Details
Main Author: Maddocks, Margaret, 1906-
Format: Book
Language:English
Published: London : Hurst & Blackett, 1965.
LEADER 00699cam a22001937a 4500
001 c000111795
003 CARM
005 19991216100918.0
008 990309s1965 enk 000 1 eng d
019 1 |a 14533578  |5 LACONCORD2021 
035 |a (OCoLC)30288729  |5 LACONCORD2021 
040 |a VLINC  |b eng  |c VLINC 
100 1 |a Maddocks, Margaret,  |d 1906- 
245 1 4 |a The silver answer /  |c Margaret Maddocks. 
260 |a London :  |b Hurst & Blackett,  |c 1965. 
300 |a 182 p. 
852 8 |b CARM  |h A2:AJ12G0  |i A02310  |p 0156861  |f BK 
999 f f |i a3212f88-2fd5-57f3-b464-e45c0f05120f  |s 3d94c0bd-8a19-5fed-8e2e-8f35c89c24ab 
952 f f |p Can circulate  |a CAVAL  |b CAVAL  |c CAVAL  |d CARM 1 Store  |e A02310  |f A2:AJ12G0  |h Other scheme  |i book  |m 0156861